Reproductive physiology in plants (Record no. 1208554)

MARC details
000 -LEADER
fixed length control field 00876nam a2200265Ia 4500
003 - CONTROL NUMBER IDENTIFIER
control field OSt
005 - DATE AND TIME OF LATEST TRANSACTION
control field 20221007121214.0
008 - FIXED-LENGTH DATA ELEMENTS--GENERAL INFORMATION
fixed length control field 221006b |||||||| |||| 00| 0 eng d
020 ## - INTERNATIONAL STANDARD BOOK NUMBER
International Standard Book Number 9781926692647 (hbk)
037 ## - SOURCE OF ACQUISITION
Terms of availability Textual
040 ## - CATALOGING SOURCE
Original cataloging agency BDL
Transcribing agency BDL
Language of cataloging eng
041 ## - LANGUAGE CODE
Source of code eng
Language code of text/sound track or separate title eng
100 ## - MAIN ENTRY--PERSONAL NAME
Personal name Stewart Philip Ed.
9 (RLIN) 710825
245 #0 - TITLE STATEMENT
Title Reproductive physiology in plants
Remainder of title Globig Sabine Ed.
260 ## - PUBLICATION, DISTRIBUTION, ETC.
Place of publication, distribution, etc. Oakville
Name of publisher, distributor, etc. Apple academic press
Date of publication, distribution, etc. 2011
300 ## - PHYSICAL DESCRIPTION
Extent 342p.
Dimensions cm.
500 ## - GENERAL NOTE
General note Index 320-342p.
700 ## - ADDED ENTRY--PERSONAL NAME
Personal name Globig Sabine Ed.
9 (RLIN) 710828
942 ## - ADDED ENTRY ELEMENTS (KOHA)
Classification part I5:67, Q1;1 Carb
Koha item type Textual
Source of classification or shelving scheme Colon Classification (CC)
Holdings
Withdrawn status Lost status Source of classification or shelving scheme Damaged status Not for loan Home library Current library Date acquired Source of acquisition Total Checkouts Full call number Barcode Date last seen Price effective from Koha item type
    Colon Classification (CC)     Department of Botany Library Department of Botany Library 2022-10-07 2754, 26/12/2011, Insat Books & Periodicals   I5:67 Q1;1 Carb BD0005615 2022-10-07 2022-10-07 Textual
Copyright @ Delhi University Library System